[Event "Festivalul de primava(IM)"]
[Site "?"]
[Date "1999.??.??"]
[Round "?"]
[White "Covlea, Vlad"]
[Black "Florescu, Codrut-Constantin"]
[Result "1-0"]
[WhiteElo "2290"]
[BlackElo "2310"]
[PlyCount "81"]
[EventDate "1999.??.??"]
[Source "b/signature.htm"]
[SourceDate "3188127.01.02"]

1. d4 Nf6 2. Nf3 d5 3. Bf4 e6 4. e3 c5 5. Nbd2 Nc6 6. c3 Qb6 7. Rb1 Nh5 8. Bg5
h6 9. Bh4 g5 10. Ne5 Nxe5 11. Qxh5 Ng6 12. Bg3 e5 13. Bd3 cxd4 14. exd4 e4 15.
Bc2 Qa6 16. Qe2 Qxe2+ 17. Kxe2 Nf4+ 18. Bxf4 gxf4 19. f3 f5 20. Bb3 Be6 21. c4
Rg8 22. Rhg1 dxc4 23. Nxc4 Rc8 24. Rbc1 Ke7 (24... Kd8 25. d5 Bd7 $17) 25. d5
Bxd5 26. Nb6 axb6 27. Rxc8 exf3+ 28. Kf2 Bxb3 29. axb3 Kd7 30. Rxf8 Rxf8 31.
Kxf3 Re8 32. Kxf4 Kc6 33. Kxf5 Re2 34. Kg6 Re6+ 35. Kf5 Re2 36. h4 h5 37. Kg6
Re5 38. g4 hxg4 39. Rxg4 Re3 40. h5 Rxb3 41. Rg2 1-0

[Event "Miercurea Ciuc op"]
[Site "Miercurea Ciuc"]
[Date "1999.??.??"]
[Round "1"]
[White "Solymosi, Ferenc"]
[Black "Florescu, Codrut-Constantin"]
[Result "0-1"]
[WhiteElo "2028"]
[BlackElo "2312"]
[PlyCount "72"]
[EventDate "1999.??.??"]
[EventType "swiss"]
[EventRounds "9"]
[EventCountry "ROM"]
[Source "ChessBase"]
[SourceDate "2000.11.22"]

1. Nf3 d5 2. c4 e6 3. d4 Nf6 4. e3 b6 5. Nc3 Bb7 6. cxd5 exd5 7. Bd3 Bd6 8. Bd2
a6 9. O-O Nbd7 10. Ne2 Ne4 11. Ng3 g6 12. Qe2 O-O 13. Rfc1 Qe7 14. Rc2 f5 15.
Rac1 c5 16. b3 Nxd2 17. Qxd2 f4 18. Nf1 fxe3 19. Nxe3 Rxf3 20. gxf3 Bf4 21. Kf1
Qg5 22. Be2 Re8 23. Rc3 Bxh2 24. Ke1 cxd4 25. Qxd4 Be5 26. Qg4 Bxc3+ 27. Rxc3
Qe5 28. Rd3 Nc5 29. Rd2 Ne6 30. Kf1 Nf4 31. Qd7 Bc8 32. Qa4 b5 33. Qd4 Qg5 34.
Ng4 Bxg4 35. fxg4 Qh6 36. Kg1 Rxe2 0-1

[Event "Miercurea Ciuc op"]
[Site "Miercurea Ciuc"]
[Date "1999.??.??"]
[Round "3"]
[White "Eckhardt, Wladislaw"]
[Black "Florescu, Codrut-Constantin"]
[Result "0-1"]
[WhiteElo "2186"]
[BlackElo "2312"]
[PlyCount "82"]
[EventDate "1999.??.??"]
[EventType "swiss"]
[EventRounds "9"]
[EventCountry "ROM"]
[Source "ChessBase"]
[SourceDate "2000.11.22"]

1. d4 Nf6 2. c4 e6 3. Nc3 Bb4 4. Qc2 O-O 5. a3 Bxc3+ 6. Qxc3 b6 7. Bg5 Bb7 8.
f3 d6 9. e3 Nbd7 10. Nh3 c5 11. dxc5 bxc5 12. Bd3 h6 13. Bh4 Ne5 14. Bc2 Bxf3
15. Bxf6 Qxf6 16. gxf3 Qxf3 17. Nf2 Ng4 18. O-O Qxe3 19. Qd3 Qxd3 20. Bxd3 Ne5
21. b4 f5 22. Be2 Rab8 23. Rfd1 Rb6 24. Rd2 Kf7 25. Nd1 Rc8 26. b5 g5 27. Nc3
Ke7 28. Re1 g4 29. Kf2 h5 30. Rdd1 Rg8 31. Kg3 h4+ 32. Kxh4 Rh8+ 33. Kg5 Rh3
34. Nd5+ exd5 35. Kxf5 dxc4 36. Bxg4 Rxh2 37. Rxe5+ dxe5 38. Kxe5 c3 39. Rd7+
Ke8 40. Rc7 c2 41. Rxc5 Rxb5 0-1

[Event "Miercurea Ciuc op"]
[Site "Miercurea Ciuc"]
[Date "1999.??.??"]
[Round "4"]
[White "Florescu, Codrut-Constantin"]
[Black "Nevednichy, Vladislav"]
[Result "0-1"]
[WhiteElo "2312"]
[BlackElo "2505"]
[PlyCount "56"]
[EventDate "1999.??.??"]
[EventType "swiss"]
[EventRounds "9"]
[EventCountry "ROM"]
[Source "ChessBase"]
[SourceDate "2000.11.22"]

1. e4 c5 2. Nf3 d6 3. d4 cxd4 4. Nxd4 Nf6 5. Nc3 Nc6 6. Bc4 Qb6 7. Nxc6 bxc6 8.
O-O g6 9. e5 dxe5 10. Qe2 Qd4 11. Be3 Qd6 12. Rad1 Qc7 13. Rfe1 Bg7 14. Bg5 h6
15. Bh4 Nh5 16. Nb5 cxb5 17. Bxb5+ Kf8 18. Qc4 Qb6 19. Bxe7+ Kg8 20. Rd6 Be6
21. Qe4 Qxb5 22. Qxa8+ Kh7 23. Qxa7 Qxb2 24. a4 Rb8 25. Qc5 Nf4 26. Rdd1 Rc8
27. Rb1 Qa2 28. Qa3 Qxc2 0-1

[Event "Miercurea Ciuc op"]
[Site "Miercurea Ciuc"]
[Date "1999.??.??"]
[Round "5"]
[White "Susterman, Anja"]
[Black "Florescu, Codrut-Constantin"]
[Result "0-1"]
[WhiteElo "2241"]
[BlackElo "2312"]
[PlyCount "86"]
[EventDate "1999.??.??"]
[EventType "swiss"]
[EventRounds "9"]
[EventCountry "ROM"]
[Source "ChessBase"]
[SourceDate "2000.11.22"]

1. e4 c5 2. Nf3 e6 3. b3 a6 4. Bb2 Nc6 5. d4 cxd4 6. Nxd4 Qa5+ 7. Nd2 Nxd4 8.
Bxd4 e5 9. Bb2 Nf6 10. Bd3 Bc5 11. O-O d6 12. a3 Qc7 13. c4 O-O 14. Rc1 a5 15.
Nb1 Ng4 16. Be2 Nxf2 17. Rxf2 Qb6 18. Qf1 Qxb3 19. Ba1 f5 20. Kh1 Bxf2 21. Qxf2
Qa2 22. Bc3 fxe4 23. Qe3 Be6 24. Nd2 Qxa3 25. Nxe4 Rf4 26. Nxd6 Rf2 27. Re1
Rxe2 28. Rxe2 Qxd6 29. Bxe5 Qd1+ 30. Re1 Qg4 31. Bxg7 Kxg7 32. Qxe6 Qxe6 33.
Rxe6 a4 34. Kg1 a3 35. Re1 a2 36. Ra1 Kf6 37. Kf2 Ra3 38. Ke2 Ke5 39. Kd2 Kd4
40. Kc2 Kxc4 41. Kb2 Kb4 42. g3 Rb3+ 43. Kc2 Ka3 0-1

[Event "Miercurea Ciuc op"]
[Site "Miercurea Ciuc"]
[Date "1999.??.??"]
[Round "6"]
[White "Florescu, Codrut-Constantin"]
[Black "Ciobanu, Aurelian"]
[Result "1-0"]
[WhiteElo "2312"]
[BlackElo "2255"]
[PlyCount "43"]
[EventDate "1999.??.??"]
[EventType "swiss"]
[EventRounds "9"]
[EventCountry "ROM"]
[Source "ChessBase"]
[SourceDate "2000.11.22"]

1. e4 Nf6 2. e5 Nd5 3. c4 Nb6 4. d4 d6 5. exd6 exd6 6. Nc3 Bf5 7. Nf3 Be7 8.
Be2 O-O 9. O-O Bf6 10. h3 Bg6 11. Bf4 Nc6 12. Rc1 Qd7 13. c5 dxc5 14. dxc5 Qf5
15. Bxc7 Bxc3 16. bxc3 Nc8 17. Qb3 Qxc5 18. Qxb7 Nb6 19. Bg3 a6 20. Rfd1 Na5
21. Qc7 Rfc8 22. Rd8+ 1-0

[Event "Miercurea Ciuc op"]
[Site "Miercurea Ciuc"]
[Date "1999.??.??"]
[Round "8"]
[White "Florescu, Codrut-Constantin"]
[Black "Bromberger, Stefan"]
[Result "1/2-1/2"]
[WhiteElo "2312"]
[BlackElo "2288"]
[PlyCount "89"]
[EventDate "1999.??.??"]
[EventType "swiss"]
[EventRounds "9"]
[EventCountry "ROM"]
[Source "ChessBase"]
[SourceDate "2000.11.22"]

1. e4 c5 2. Nf3 d6 3. d4 cxd4 4. Nxd4 Nf6 5. Nc3 g6 6. Be3 Bg7 7. f3 O-O 8. Qd2
Nc6 9. Bc4 Bd7 10. O-O-O Rc8 11. Bb3 Ne5 12. h4 h5 13. Bg5 Rc5 14. Kb1 a5 15.
Rhe1 b5 16. f4 Nc4 17. Bxc4 Rxc4 18. e5 b4 19. Ncb5 Qb6 20. Nxd6 Rc7 21. Nf3
Bg4 22. exf6 exf6 23. Ne8 Rd7 24. Qe2 Rxd1+ 25. Rxd1 fxg5 26. Nxg7 Kxg7 27.
hxg5 Rc8 28. Rd2 Bxf3 29. Qxf3 Re8 30. b3 Re1+ 31. Rd1 Rxd1+ 32. Qxd1 Qf2 33.
Qd5 Qxf4 34. Kb2 Qf5 35. Qd4+ Kh7 36. Qe3 Qd5 37. g3 Kg7 38. a3 Qd6 39. axb4
axb4 40. c4 bxc3+ 41. Qxc3+ f6 42. b4 Kf7 43. Qc4+ Ke7 44. Qe4+ Kd8 45. gxf6
1/2-1/2

[Event "Miercurea Ciuc op"]
[Site "Miercurea Ciuc"]
[Date "1999.??.??"]
[Round "9"]
[White "Petre, Nad Titus"]
[Black "Florescu, Codrut-Constantin"]
[Result "1/2-1/2"]
[WhiteElo "2218"]
[BlackElo "2312"]
[PlyCount "20"]
[EventDate "1999.??.??"]
[EventType "swiss"]
[EventRounds "9"]
[EventCountry "ROM"]
[Source "ChessBase"]
[SourceDate "2000.11.22"]

1. Nf3 Nf6 2. g3 g6 3. Bg2 Bg7 4. O-O O-O 5. d4 d6 6. c4 c6 7. Nc3 Qa5 8. h3
Be6 9. Qd3 Qa6 10. b3 d5 1/2-1/2

[Event "Trofeul Sah Ga-Mat"]
[Site "?"]
[Date "1999.??.??"]
[Round "?"]
[White "Florescu, Codrut-Constantin"]
[Black "Kutnik, Alexandru"]
[Result "1-0"]
[WhiteElo "2330"]
[BlackElo "2190"]
[PlyCount "55"]
[EventDate "1999.??.??"]
[Source "b/signature.htm"]
[SourceDate "3188127.01.02"]

1. e4 c5 2. Nf3 d6 3. d4 cxd4 4. Nxd4 Nf6 5. Nc3 a6 6. Bc4 e6 7. Bb3 Nbd7 8.
Qe2 Nc5 9. g4 b5 10. g5 Nfd7 11. Bd5 Bb7 12. Bxb7 Nxb7 13. Be3 Qc7 14. f4 b4
15. Nd1 e5 16. Nf3 exf4 17. Bxf4 Ne5 18. Ne3 Nxf3+ 19. Qxf3 Be7 20. Nd5 Qd8 21.
O-O-O O-O 22. Rhg1 f6 23. g6 hxg6 24. Rxg6 Rf7 25. Rdg1 Qa5 26. Qg4 Bf8 27.
Nxf6+ Rxf6 28. Rxg7+ 1-0

[Event "Trofeul Sah Ga-Mat"]
[Site "?"]
[Date "1999.??.??"]
[Round "?"]
[White "Florescu, Codrut-Constantin"]
[Black "Marasescu, Ioan"]
[Result "0-1"]
[WhiteElo "2330"]
[BlackElo "2305"]
[PlyCount "42"]
[EventDate "1999.??.??"]
[Source "b/signature.htm"]
[SourceDate "3188127.01.02"]

1. e4 c5 2. Nf3 d6 3. d4 cxd4 4. Nxd4 Nf6 5. Nc3 e6 6. Be2 a6 7. O-O Be7 8. Be3
O-O 9. a4 Nc6 10. f4 Qc7 11. Kh1 Re8 12. Bf3 Rb8 13. g4 Bf8 14. g5 Nd7 15. Bg2
Nxd4 16. Bxd4 b5 17. f5 b4 18. Ne2 Ne5 19. Ng3 exf5 20. Nxf5 Be6 21. Ne3 Rbc8
0-1

[Event "ROM-ch"]
[Site "Bucharest"]
[Date "1998.12.08"]
[Round "1"]
[White "Ionescu, Constantin"]
[Black "Florescu, Codrut-Constantin"]
[Result "1/2-1/2"]
[WhiteElo "2515"]
[BlackElo "2320"]
[PlyCount "41"]
[EventDate "1998.12.08"]
[EventType "tourn"]
[EventRounds "15"]
[EventCountry "ROM"]
[EventCategory "9"]
[Source "ChessBase"]
[SourceDate "1999.04.01"]

1. Nf3 d5 2. d4 Nf6 3. c4 e6 4. Nc3 Be7 5. Bg5 O-O 6. e3 h6 7. Bh4 b6 8. Bd3
Bb7 9. O-O Nbd7 10. Qe2 Ne4 11. Bg3 Nxg3 12. hxg3 c5 13. Rfd1 cxd4 14. Nxd4 Nf6
15. a3 Rc8 16. Rac1 Qd6 17. cxd5 Nxd5 18. Ne4 Qb8 19. Ba6 Qa8 20. Bxb7 Qxb7 21.
Nb5 1/2-1/2

[Event "ROM-ch"]
[Site "Bucharest"]
[Date "1998.12.10"]
[Round "3"]
[White "Danilov, Ilie Vladimir"]
[Black "Florescu, Codrut-Constantin"]
[Result "1-0"]
[WhiteElo "2335"]
[BlackElo "2320"]
[PlyCount "65"]
[EventDate "1998.12.08"]
[EventType "tourn"]
[EventRounds "15"]
[EventCountry "ROM"]
[EventCategory "9"]
[Source "ChessBase"]
[SourceDate "1999.04.01"]

1. d4 Nf6 2. c4 e6 3. Nc3 Bb4 4. Bg5 h6 5. Bh4 c5 6. d5 Bxc3+ 7. bxc3 d6 8. e3
e5 9. Bd3 e4 10. Bc2 Qe7 11. Ne2 Nbd7 12. Qb1 O-O 13. a4 a5 14. Ra2 b6 15. Rb2
Ba6 16. Bxf6 Nxf6 17. Qa2 Qe5 18. h3 Nd7 19. O-O f5 20. f4 exf3 21. Rxf3 f4 22.
exf4 Qh5 23. Ng3 Qh4 24. Bf5 Rad8 25. Be6+ Kh7 26. Nf5 Qe1+ 27. Kh2 g6 28. Re2
Qd1 29. Nxd6 Nf6 30. Nf7 Rde8 31. Ne5 Nh5 32. Ref2 Ng7 33. Rf1 1-0

[Event "ROM-ch"]
[Site "Bucharest"]
[Date "1998.12.13"]
[Round "6"]
[White "Florescu, Codrut-Constantin"]
[Black "Itkis, Boris"]
[Result "1/2-1/2"]
[WhiteElo "2320"]
[BlackElo "2465"]
[PlyCount "110"]
[EventDate "1998.12.08"]
[EventType "tourn"]
[EventRounds "15"]
[EventCountry "ROM"]
[EventCategory "9"]
[Source "ChessBase"]
[SourceDate "1999.04.01"]

1. e4 e6 2. d4 d5 3. Nc3 Nf6 4. Bg5 Bb4 5. e5 h6 6. Bd2 Bxc3 7. Bxc3 Ne4 8. Bb4
b6 9. Qg4 Qg5 10. Qxg5 hxg5 11. Nf3 a5 12. Ba3 Ba6 13. Nd2 Nxd2 14. Kxd2 Bxf1
15. Raxf1 Nc6 16. c3 f6 17. f4 gxf4 18. exf6 gxf6 19. Rxf4 f5 20. g4 Rh4 21.
Ke3 Rxg4 22. Rxg4 fxg4 23. Rg1 Kf7 24. Rxg4 e5 25. dxe5 Nxe5 26. Rf4+ Ke6 27.
Rh4 Nc4+ 28. Ke2 c5 29. Rh6+ Ke7 30. h4 Rc8 31. Rg6 b5 32. Rg7+ Ke6 33. Rg6+
Kf7 34. Rg5 b4 35. cxb4 axb4 36. Bxb4 cxb4 37. Rxd5 Nxb2 38. Rd4 Rb8 39. Kd2
Na4 40. Kc2 Kf6 41. Rc4 Nc3 42. Kb3 Nd5 43. a3 bxa3+ 44. Kxa3 Ne7 45. Rb4 Ra8+
46. Kb3 Nf5 47. Rb7 Nxh4 48. Rh7 Nf5 49. Rh1 Rg8 50. Rh3 Ke6 51. Rh1 Ne7 52.
Rh7 Nd5 53. Rh6+ Ke5 54. Rh5+ Kd4 55. Rh4+ Kc5 1/2-1/2

[Event "ROM-ch"]
[Site "Bucharest"]
[Date "1998.12.14"]
[Round "7"]
[White "Grigore, George Gabriel"]
[Black "Florescu, Codrut-Constantin"]
[Result "1-0"]
[WhiteElo "2475"]
[BlackElo "2320"]
[PlyCount "121"]
[EventDate "1998.12.08"]
[EventType "tourn"]
[EventRounds "15"]
[EventCountry "ROM"]
[EventCategory "9"]
[Source "ChessBase"]
[SourceDate "1999.04.01"]

1. d4 Nf6 2. c4 e6 3. Nc3 Bb4 4. Qc2 O-O 5. a3 Bxc3+ 6. Qxc3 b6 7. g3 Bb7 8.
Nf3 Be4 9. Bg2 d5 10. O-O Nbd7 11. b4 c6 12. Bf4 Qe7 13. c5 Rfc8 14. Rfe1 Ne8
15. Bf1 f6 16. Nd2 e5 17. Be3 Bf5 18. f3 Nc7 19. a4 Ne6 20. cxb6 axb6 21. dxe5
fxe5 22. Qb3 Re8 23. Rec1 Qd6 24. Bf2 Bg6 25. e4 Bf7 26. exd5 cxd5 27. Bb5 Rec8
28. Qb2 Ng5 29. Be3 Nh3+ 30. Kg2 d4 31. Ne4 Qe6 32. Bd2 Nf6 33. Rxc8+ Rxc8 34.
Rc1 Nxe4 35. Rxc8+ Qxc8 36. fxe4 Qg4 37. Qc2 Be6 38. a5 Nf4+ 39. Bxf4 exf4 40.
Qc7 f3+ 41. Kf2 h6 42. Qd8+ Kh7 43. Qh4 Qg6 44. a6 Bg4 45. Bd3 Qe6 46. e5+ g6
47. Kf1 Bf5 48. Qxd4 Qa2 49. Bb5 h5 50. Qf2 Qd5 51. Qxb6 Qd1+ 52. Kf2 Qd2+ 53.
Kxf3 Bg4+ 54. Ke4 Qg2+ 55. Kd3 Bf5+ 56. Kc4 Qc2+ 57. Kd5 Qf2 58. Kc6 Be4+ 59.
Kc7 Qf7+ 60. Bd7 Qc4+ 61. Bc6 1-0

[Event "ROM-ch"]
[Site "Bucharest"]
[Date "1998.12.15"]
[Round "8"]
[White "Florescu, Codrut-Constantin"]
[Black "Vajda, Levente"]
[Result "1-0"]
[WhiteElo "2320"]
[BlackElo "2480"]
[PlyCount "91"]
[EventDate "1998.12.08"]
[EventType "tourn"]
[EventRounds "15"]
[EventCountry "ROM"]
[EventCategory "9"]
[Source "ChessBase"]
[SourceDate "1999.04.01"]

1. e4 c5 2. Nf3 d6 3. d4 cxd4 4. Nxd4 Nf6 5. Nc3 a6 6. f4 e5 7. Nf3 Qc7 8. Bd3
Be7 9. O-O Nbd7 10. Kh1 b5 11. a3 Bb7 12. Qe2 h6 13. Bd2 Nc5 14. Rae1 O-O 15.
Qf2 Ne6 16. fxe5 dxe5 17. Nd5 Nxd5 18. exd5 Nc5 19. Qg3 Nxd3 20. Bxh6 Bf6 21.
cxd3 Bxd5 22. Nh4 Qc6 23. Nf5 g6 24. Bxf8 Kxf8 25. Ne3 Rd8 26. Ng4 Bg7 27. Nxe5
Bxe5 28. Rxe5 Kg8 29. Qg5 Rd6 30. Rc1 Qd7 31. Rce1 Be6 32. h3 Kg7 33. R5e3 Rd5
34. Qg3 a5 35. Rc1 Qd8 36. Qc7 Qf6 37. Qc3 b4 38. axb4 axb4 39. Qxb4 Rd4 40.
Qe1 Bd5 41. Qg3 Rf4 42. Rc2 Rf5 43. Kh2 Rg5 44. Qe1 Kh7 45. Qh4+ Kg7 46. Rg3
1-0

[Event "ROM-ch"]
[Site "Bucharest"]
[Date "1998.12.17"]
[Round "9"]
[White "Szuhanek, Ranko"]
[Black "Florescu, Codrut-Constantin"]
[Result "0-1"]
[WhiteElo "2400"]
[BlackElo "2320"]
[PlyCount "86"]
[EventDate "1998.12.08"]
[EventType "tourn"]
[EventRounds "15"]
[EventCountry "ROM"]
[EventCategory "9"]
[Source "ChessBase"]
[SourceDate "1999.04.01"]

1. Nf3 d5 2. d4 Nf6 3. c4 e6 4. Bg5 Be7 5. e3 h6 6. Bh4 O-O 7. Nc3 b6 8. Rc1
Bb7 9. cxd5 exd5 10. Bd3 c5 11. dxc5 bxc5 12. O-O Nbd7 13. b3 Ne4 14. Bxe7 Qxe7
15. Bxe4 dxe4 16. Nd2 Ne5 17. Qe2 Nd3 18. Rc2 Ba6 19. Nc4 Rad8 20. Rd1 Qe6 21.
Na4 Bb5 22. Nab2 Nxb2 23. Rxd8 Rxd8 24. Rxb2 Bxc4 25. bxc4 Rd3 26. h3 Qxc4 27.
Rb8+ Kh7 28. Qh5 Rd5 29. Qg4 Rg5 30. Qf4 Qe6 31. Rb7 Rf5 32. Qg4 a6 33. Rb6 Qd5
34. Rd6 Qe5 35. Rxa6 Qa1+ 36. Kh2 Rxf2 37. Qxe4+ g6 38. Qc4 Rf1 39. Qe2 Qe5+
40. g3 Rb1 41. Qf3 Qb2+ 42. Qg2 Qc3 43. Qf3 Rb2+ 0-1

[Event "ROM-ch"]
[Site "Bucharest"]
[Date "1998.12.22"]
[Round "14"]
[White "Nanu, Ciprian-Costica"]
[Black "Florescu, Codrut-Constantin"]
[Result "0-1"]
[WhiteElo "2405"]
[BlackElo "2320"]
[PlyCount "160"]
[EventDate "1998.12.08"]
[EventType "tourn"]
[EventRounds "15"]
[EventCountry "ROM"]
[EventCategory "9"]
[Source "ChessBase"]
[SourceDate "1999.04.01"]

1. e4 c5 2. Nf3 d6 3. d4 cxd4 4. Nxd4 Nf6 5. Nc3 e6 6. Be3 a6 7. Bc4 b5 8. Bb3
b4 9. Na4 Nxe4 10. Nxe6 fxe6 11. Nb6 Bb7 12. Bxe6 Nc5 13. Bxc5 dxc5 14. Qh5+ g6
15. Qe5 Qd6 16. Bd7+ Kd8 17. Qxh8 Qe7+ 18. Kf1 Nxd7 19. Rd1 Bc6 20. Nxa8 Bxa8
21. f3 Bc6 22. Kf2 Kc7 23. h4 Bg7 24. Qg8 Bxb2 25. h5 Bd4+ 26. Rxd4 cxd4 27.
hxg6 Qe3+ 28. Kg3 Qg5+ 29. Kf2 hxg6 30. Qh8 Qc5 31. Kg3 Qd6+ 32. Kf2 Qd5 33.
Rd1 Ne5 34. Qh4 Qxa2 35. Qxd4 Qxc2+ 36. Rd2 Qc3 37. Qxc3 bxc3 38. Rc2 a5 39.
Rxc3 a4 40. Ke3 Kd6 41. Kd2 Kd5 42. Kc2 Kd4 43. Ra3 Bb5 44. Ra1 Nd3 45. Rh1 Ke3
46. Rh6 Nf4 47. g3 Bd3+ 48. Kb2 Ne2 49. Ka3 Nxg3 50. Kxa4 Kxf3 51. Kb4 Ne2 52.
Rh3+ Ke4 53. Rh6 Kf5 54. Rh3 Nf4 55. Rh8 Ke4 56. Re8+ Kf3 57. Kc3 g5 58. Kd2 g4
59. Rg8 g3 60. Rg5 g2 61. Rxg2 Kxg2 62. Ke3 Kg3 63. Kd4 Kf3 64. Ke5 Ke3 65. Kf6
Ke4 66. Kg5 Ke5 67. Kg4 Be2+ 68. Kg5 Ng2 69. Kg6 Bg4 70. Kg7 Nf4 71. Kf7 Be6+
72. Kg7 Kf5 73. Kf8 Kf6 74. Ke8 Bf5 75. Kd8 Nd5 76. Ke8 Bg4 77. Kd8 Ke6 78. Ke8
Bh5+ 79. Kf8 Kf6 80. Kg8 Kg6 0-1

[Event "ROM-ch"]
[Site "Bucharest"]
[Date "1998.12.23"]
[Round "15"]
[White "Florescu, Codrut-Constantin"]
[Black "Badea Takacs, Bela"]
[Result "0-1"]
[WhiteElo "2320"]
[BlackElo "2530"]
[PlyCount "79"]
[EventDate "1998.12.08"]
[EventType "tourn"]
[EventRounds "15"]
[EventCountry "ROM"]
[EventCategory "9"]
[Source "ChessBase"]
[SourceDate "1999.04.01"]

1. e4 g6 2. d4 d6 3. Nc3 c6 4. f4 d5 5. e5 h5 6. Nf3 Nh6 7. Be2 Bg4 8. O-O Nf5
9. h3 Bxf3 10. Bxf3 Qb6 11. Ne2 h4 12. b3 e6 13. c4 Nd7 14. Qd3 Qa6 15. Qc3
dxc4 16. Qxc4 Qa5 17. Rd1 Rd8 18. Bd2 Qc7 19. Be4 Nb6 20. Qd3 Nd5 21. a3 Be7
22. b4 O-O 23. Bxf5 exf5 24. Nc3 a6 25. Nxd5 Rxd5 26. Be3 Rfd8 27. Bf2 a5 28.
Qc3 Rb5 29. Rab1 axb4 30. axb4 Rc8 31. Qd2 Qd8 32. Qc3 Ra8 33. Rb3 Qd5 34. Rdb1
Ra4 35. Be1 Qe4 36. Qe3 Qxe3+ 37. Rxe3 Kf8 38. Re2 Ke8 39. Re3 Kd7 40. Reb3 0-1

[Event "Centrocoop Sept op-A"]
[Site "Eforie Nord"]
[Date "1998.??.??"]
[Round "?"]
[White "Adoamnei, Roxana-Antonela"]
[Black "Florescu, Codrut-Constantin"]
[Result "0-1"]
[WhiteElo "2120"]
[BlackElo "2320"]
[PlyCount "52"]
[EventDate "1998.09.??"]
[EventType "swiss"]
[EventRounds "11"]
[EventCountry "ROM"]

1. d4 Nf6 2. c4 e6 3. a3 c5 4. Nf3 cxd4 5. Nxd4 a6 6. Nc3 Qc7 7. e3 Be7 8. Bd3
Nc6 9. Qe2 O-O 10. O-O Ne5 11. f4 Nxd3 12. Qxd3 d6 13. b3 b6 14. Bb2 Bb7 15. e4
Rac8 16. Rae1 Nd7 17. Kh1 Bf6 18. Rd1 Rfd8 19. Qg3 Nc5 20. Ndb5 axb5 21. Nd5
Bxb2 22. Nxc7 Rxc7 23. e5 Rcd7 24. b4 Ne4 25. Qe3 Bc3 26. cxb5 dxe5 0-1

[Event "Centrocoop Sept op-A"]
[Site "Eforie Nord"]
[Date "1998.??.??"]
[Round "?"]
[White "Florescu, Codrut-Constantin"]
[Black "Iordache, Claudiu Badea"]
[Result "1-0"]
[WhiteElo "2320"]
[BlackElo "2175"]
[PlyCount "62"]
[EventDate "1998.09.??"]
[EventType "swiss"]
[EventRounds "11"]
[EventCountry "ROM"]

1. e4 e6 2. d4 d5 3. Nc3 Bb4 4. e5 c5 5. a3 Bxc3+ 6. bxc3 Ne7 7. Nf3 Bd7 8. a4
Qa5 9. Bd2 Nbc6 10. Qb1 Qc7 11. Be2 Na5 12. O-O Rc8 13. Bd3 Nc4 14. Bf4 Nc6 15.
Bxc4 dxc4 16. d5 Na5 17. Qc1 Qd8 18. Bg5 Qb6 19. d6 h6 20. Bh4 Bc6 21. Rb1 Qa6
22. Qf4 b6 23. Nd2 Qb7 24. f3 Bxa4 25. Rfc1 f5 26. exf6 g5 27. Qg4 gxh4 28. Re1
Kf8 29. Rxe6 Rh7 30. Re7 Rxe7 31. dxe7+ Ke8 1-0

[Event "Centrocoop Sept op-A"]
[Site "Eforie Nord"]
[Date "1998.??.??"]
[Round "?"]
[White "Florescu, Codrut-Constantin"]
[Black "Kutnik, Alexandru"]
[Result "1/2-1/2"]
[WhiteElo "2320"]
[BlackElo "2230"]
[PlyCount "100"]
[EventDate "1998.09.??"]
[EventType "swiss"]
[EventRounds "11"]
[EventCountry "ROM"]

1. e4 c5 2. Nf3 d6 3. d4 cxd4 4. Nxd4 Nf6 5. Nc3 Bd7 6. Bc4 e6 7. Bb3 Nc6 8.
Be3 a6 9. Qe2 b5 10. a3 Be7 11. Rg1 Na5 12. g4 Nxb3 13. cxb3 g6 14. O-O-O Qc8
15. Kb1 Qb7 16. Bg5 b4 17. axb4 h6 18. Bd2 Bc6 19. Rge1 h5 20. g5 Nd7 21. Nxc6
Qxc6 22. Nd5 Bd8 23. Bc3 O-O 24. Nf6+ Nxf6 25. gxf6 e5 26. Qd2 Bxf6 27. Qxd6
Rac8 28. Rd5 Rfe8 29. Red1 Bg7 30. Qxc6 Rxc6 31. Rd8 Rxd8 32. Rxd8+ Kh7 33. Ra8
g5 34. Re8 f6 35. Rb8 g4 36. b5 axb5 37. Rxb5 Bh6 38. b4 Bf4 39. Rb8 Bxh2 40.
b5 Rc5 41. Bb4 Rc4 42. Be7 h4 43. b6 Rc6 44. b7 Rb6 45. Bd8 Rb5 46. Bxf6 h3 47.
Rh8+ Kg6 48. b8=Q Rxb8 49. Rxb8 Kxf6 50. Rg8 Bg1 1/2-1/2

[Event "Centrocoop Sept op-A"]
[Site "Eforie Nord"]
[Date "1998.??.??"]
[Round "?"]
[White "Florescu, Codrut-Constantin"]
[Black "Souvorov, Sergei"]
[Result "1/2-1/2"]
[WhiteElo "2320"]
[BlackElo "1750"]
[PlyCount "101"]
[EventDate "1998.09.??"]
[EventType "swiss"]
[EventRounds "11"]
[EventCountry "ROM"]

1. e4 d5 2. exd5 Nf6 3. d4 Nxd5 4. c4 Nb6 5. Nf3 g6 6. h3 Bg7 7. Nc3 O-O 8. Be3
Nc6 9. Qd2 e5 10. d5 Ne7 11. O-O-O f5 12. g4 e4 13. Ng5 h6 14. Ne6 Bxe6 15.
dxe6 Qxd2+ 16. Rxd2 Rfd8 17. Rxd8+ Rxd8 18. Be2 c6 19. Kc2 Nbc8 20. f3 exf3 21.
Bxf3 Rd6 22. Rd1 Rxe6 23. Bf2 Rd6 24. Re1 Kf7 25. a4 Re6 26. Rf1 Nd6 27. b3 a6
28. a5 Bxc3 29. Kxc3 Ne4+ 30. Bxe4 Rxe4 31. Bd4 Ke6 32. Kd3 Kd6 33. gxf5 gxf5
34. Rg1 Rh4 35. Rg7 Rxh3+ 36. Kc2 Rh2+ 37. Kc3 Rh3+ 38. Kb4 Ke6 39. Bc5 Nc8 40.
Rxb7 Nd6 41. Ra7 Ne4 42. Rc7 Nd2 43. Rxc6+ Ke5 44. Rxa6 Rxb3+ 45. Ka4 Rb1 46.
Rb6 Ra1+ 47. Kb5 Rxa5+ 48. Kb4 Ra8 49. Rxh6 Rc8 50. Bd6+ Kd4 51. c5 1/2-1/2

[Event "Centrocoop Sept op-A"]
[Site "Eforie Nord"]
[Date "1998.??.??"]
[Round "?"]
[White "Florescu, Codrut-Constantin"]
[Black "Tincu, Radu Laurentiu"]
[Result "1-0"]
[WhiteElo "2320"]
[BlackElo "2210"]
[PlyCount "73"]
[EventDate "1998.09.??"]
[EventType "swiss"]
[EventRounds "11"]
[EventCountry "ROM"]

1. e4 e6 2. d4 d5 3. Nc3 Nf6 4. Bg5 dxe4 5. Nxe4 Be7 6. Bxf6 Bxf6 7. Nf3 Bd7 8.
Bd3 Bc6 9. c3 Nd7 10. Qc2 Bxe4 11. Bxe4 c6 12. O-O-O h6 13. Kb1 O-O 14. g4 Bh4
15. Rhf1 a5 16. Ne5 Nxe5 17. dxe5 Qc7 18. f4 Rfd8 19. Qe2 Rxd1+ 20. Rxd1 Rd8
21. a3 Rxd1+ 22. Qxd1 Qd8 23. Qe2 Qb6 24. Bc2 Qg1+ 25. Ka2 Qf2 26. Qe4 g6 27.
f5 exf5 28. gxf5 Qe1 29. Qg4 h5 30. Qh3 gxf5 31. Qxf5 Qf2 32. Qxh5 Qxc2 33.
Qxh4 a4 34. Qg4+ Kf8 35. Qc8+ Kg7 36. Qxb7 Qxh2 37. e6 1-0

[Event "Centrocoop Sept op-A"]
[Site "Eforie Nord"]
[Date "1998.??.??"]
[Round "?"]
[White "Florescu, Codrut-Constantin"]
[Black "Vioreanu, Bogdan"]
[Result "1-0"]
[WhiteElo "2320"]
[BlackElo "2025"]
[PlyCount "103"]
[EventDate "1998.09.??"]
[EventType "swiss"]
[EventRounds "11"]
[EventCountry "ROM"]

1. e4 c5 2. Nf3 Nc6 3. d4 cxd4 4. Nxd4 e5 5. Nb5 d6 6. Bc4 Be7 7. O-O Nf6 8.
N5c3 O-O 9. Bg5 Be6 10. Bb3 Ne8 11. Bxe7 Nxe7 12. Nd2 d5 13. exd5 Nxd5 14. Nxd5
Bxd5 15. Nf3 Bxf3 16. Qxf3 Qc7 17. Rad1 Nf6 18. Rfe1 Rad8 19. h3 b6 20. Qg3
Rxd1 21. Rxd1 h6 22. Qd3 Rc8 23. c3 Kf8 24. Qf5 Re8 25. Ba4 Re6 26. Qd3 Ke7 27.
Bb3 Rc6 28. a3 Rc5 29. f3 Rc6 30. Ba2 Rc5 31. Qe3 Kf8 32. Re1 Nd7 33. Qe4 Qc6
34. Qf5 Nf6 35. Rxe5 Qd6 36. Rxc5 bxc5 37. Qc8+ Ke7 38. Qb7+ Nd7 39. Qe4+ Kf6
40. Qh4+ Kf5 41. Qh5+ g5 42. Qxf7+ Nf6 43. Bb1+ Kf4 44. Qc4+ Ke3 45. Bc2 Kd2
46. Bg6 Qe5 47. Qd3+ Ke1 48. Qb1+ Kd2 49. Qc2+ Ke1 50. Qf2+ Kd1 51. Bc2+ Kc1
52. Bd3 1-0